000 00551nam a2200193Ia 4500
001 56492
008 140506s9999 xx 000 0 und d
020 _a0356200426
040 _cPK-LaUMT
082 _aMAL 033.792316
_bBOC-S
100 _aBockris, John O'M.
245 _aSolar hydrogen energy
_bthe power to save the earth
_cBockris, John O'M.<>Veziroglu, T. Nejat<>Smith, Debbi
260 _aBristol,GB:
_bMacdonald & Co.,
_c1991
300 _a147 p.
546 _aEN
700 _aSmith, Debbi
700 _aVeziroglu, T. Nejat
942 _cBK
999 _c53805
_d53805